مكتبة جامعة عجلون الوطنية

فهرس بحث المكتبة

The new design rules : (Record no. 33709)

MARC details
000 -LEADER
fixed length control field 01785cam a22003858i 4500
001 - CONTROL NUMBER
control field 21881185
003 - CONTROL NUMBER IDENTIFIER
control field JO-AjAnu
005 - DATE AND TIME OF LATEST TRANSACTION
control field 20241015135306.0
006 - FIXED-LENGTH DATA ELEMENTS--ADDITIONAL MATERIAL CHARACTERISTICS
fixed length control field m |o d |
007 - PHYSICAL DESCRIPTION FIXED FIELD--GENERAL INFORMATION
fixed length control field cr |||||||||||
008 - FIXED-LENGTH DATA ELEMENTS--GENERAL INFORMATION
fixed length control field 210121s2021 nyu of 001 0 eng
010 ## - LIBRARY OF CONGRESS CONTROL NUMBER
LC control number 2021002397
020 ## - INTERNATIONAL STANDARD BOOK NUMBER
International Standard Book Number 9781984826497
Qualifying information (ebook)
020 ## - INTERNATIONAL STANDARD BOOK NUMBER
Canceled/invalid ISBN 9781984826480
Qualifying information (hardcover)
040 ## - CATALOGING SOURCE
Original cataloging agency DLC
Language of cataloging eng
Transcribing agency DLC
Description conventions rda
Modifying agency JO-AjAnu
042 ## - AUTHENTICATION CODE
Authentication code pcc
050 00 - LIBRARY OF CONGRESS CALL NUMBER
Classification number NK2115
Item number H3655 2022
082 00 - DEWEY DECIMAL CLASSIFICATION NUMBER
Classification number 747
Edition number 23
100 1# - MAIN ENTRY--PERSONAL NAME
Personal name Henderson, Emily,
Relator term author.
245 14 - TITLE STATEMENT
Title The new design rules :
Remainder of title how to decorate and renovate from start to finish /
Statement of responsibility, etc. Emily Henderson with Jessica Cumberbatch Anderson ; photographs by Sara Tramp ; illustrations by Tiffany Jan.
263 ## - PROJECTED PUBLICATION DATE
Projected publication date 2111
264 #1 - PRODUCTION, PUBLICATION, DISTRIBUTION, MANUFACTURE, AND COPYRIGHT NOTICE
Place of production, publication, distribution, manufacture New York :
Name of producer, publisher, distributor, manufacturer Clarkson Potter/Pubishers,
Date of production, publication, distribution, manufacture, or copyright notice [2021]
300 ## - PHYSICAL DESCRIPTION
Extent 1 online resource
336 ## - CONTENT TYPE
Content type term text
Content type code txt
Source rdacontent
337 ## - MEDIA TYPE
Media type term computer
Media type code c
Source rdamedia
338 ## - CARRIER TYPE
Carrier type term online resource
Carrier type code cr
Source rdacarrier
500 ## - GENERAL NOTE
General note Includes index.
520 ## - SUMMARY, ETC.
Summary, etc. "From the author of the bestseller Styled, here is Emily Henderson's masterclass on interior design. From picking paint for your living room to embarking on a complete kitchen renovation, learn how she approaches every decision in designing a home, so you can take risks without experiencing regret"--
Assigning source Provided by publisher.
588 ## - SOURCE OF DESCRIPTION NOTE
Source of description note Description based on print version record and CIP data provided by publisher; resource not viewed.
650 #0 - SUBJECT ADDED ENTRY--TOPICAL TERM
Topical term or geographic name entry element Interior decoration
Form subdivision Handbooks, manuals, etc.
776 08 - ADDITIONAL PHYSICAL FORM ENTRY
Relationship information Print version:
Main entry heading Henderson, Emily.
Title The new design rules
Place, publisher, and date of publication New York : Clarkson Potter/Pubishers, [2021]
International Standard Book Number 9781984826480
Record control number (DLC) 2021002396
906 ## - LOCAL DATA ELEMENT F, LDF (RLIN)
a 7
b cbc
c orignew
d 1
e ecip
f 20
g y-gencatlg
942 ## - ADDED ENTRY ELEMENTS (KOHA)
Source of classification or shelving scheme Library of Congress Classification
Koha item type Books
Suppress in OPAC No
Holdings
Withdrawn status Lost status Source of classification or shelving scheme Damaged status Not for loan Home library Current library Date acquired Total Checkouts Full call number Barcode Date last seen Price effective from Koha item type
    Library of Congress Classification     مكتبة جامعة عجلون الوطنية مكتبة جامعة عجلون الوطنية 15/10/2024   NK2115.H3655 2022 e3915 15/10/2024 15/10/2024 Books